[Event "RUS-ch qual 57th"]
[Site "Tomsk"]
[Date "2004.05.24"]
[Round "2"]
[White "Korotylev, Alexey"]
[Black "Maletin, Pavel"]
[Result "1-0"]
[WhiteElo "2565"]
[BlackElo "2423"]
[Annotator "Roiz,M"]
[PlyCount "51"]
[EventDate "2004.05.23"]
[EventType "swiss"]
[EventRounds "9"]
[EventCountry "RUS"]
[SourceTitle "CBM 102"]
[Source "ChessBase"]
[SourceDate "2004.09.23"]
[SourceVersion "1"]
[SourceVersionDate "2004.09.23"]
[SourceQuality "1"]

1. d4 Nf6 2. Nf3 e6 3. Bg5 {A very solid continuation which usually leads to a
long strategical play without much theory.} h6 4. Bh4 d6 {The main idea of
that move is swapping white's dark-squared bishop by g7-g5 and Nf6-g5. At the
same time, black allows white to seize a space and try to exploit some
weakness of black's k-side (after g7-g5)} ({The most problematic line seems to
be:} 4... c5 5. e3 b6 6. Bd3 Bb7 7. Nbd2 Be7 8. c3) 5. e3 (5. Nbd2 g5 6. Bg3
Nh5 7. e3 Bg7 8. Bd3 Nd7 9. Ng1 Nxg3 10. hxg3 Qe7 11. c3 Nf6 12. Ne4 Nxe4 13.
Bxe4 f5 14. Bd3 Bd7 15. Qb3 O-O-O $11 {1/2-1/2 Akhmadeev,V-Ionov,S/Podolsk
1992/EXT 97 (43)}) 5... Nbd7 {The q-side knight can be comfortably placed on
c6, so there was no reason to develop it now.} ({I would prefer an immediate
operation of swapping white's Bh4:} 5... g5 6. Bg3 Nh5 7. Bd3 Bg7 8. c3 Qe7 9.
Nfd2 Nxg3 10. hxg3 Bd7 11. a4 Nc6 12. Qe2 f5 13. e4 O-O-O 14. Na3 h5 15. Nc2 h4
$36 {0-1 Tyomkin,D-Greenfeld,A/Beersheba 1997/CBM 58 (47)}) 6. c4 g5 7. Bg3 Nh5
{In my opinion,that is the best way to fight for a win, as the position become
not very standard.} 8. Nc3 Bg7 9. Qc2 $146 {A logical continuation. White is
plannig to make a q-side castle.} ({Besides, there is also a quiet plan of
development:} 9. Be2 Qe7 (9... b6 10. Nd2 Nxg3 11. hxg3 Bb7 12. Bf3 Qc8 13. g4
a6 14. O-O O-O 15. Nde4 Rb8 16. Rc1 Qd8 17. Ng3 $14 {1/2-1/2 Markus,J-Brodsky,
M/Hoogeveen 2002/CBM 90 ext (49)}) 10. Nd2 Nxg3 11. hxg3 c5 12. Nb3 O-O 13. g4
Nb6 14. O-O f5 15. a4 a5 16. Qd3 Bd7 17. Bf3 $14 {1/2-1/2 Sergeev,
V-Chatalbashev,B/Balatonlelle 2002/EXT 2004 (38)}) 9... O-O {That is a
possible, but quite risky continuation.} ({Besides, I can recommend another
possible plan of development:} 9... Qe7 $5 10. O-O-O Ndf6 11. Bd3 Bd7 {[%cal
Ge8c8] and black's monarch will feel much safer on the qside.}) 10. O-O-O f5 {
That move weakens a light squares around Kg8, but forces white to advance his
''h'' pawn, as it always actual now.} ({Comes to consideration:} 10... Qe7 11.
Bd3 Nxg3 12. hxg3 c5 13. d5 Nb6 {with a complicated position in which white's
prospects are only slighty better.}) 11. Bd3 Qe7 12. h4 ({Nothing special
promised:} 12. d5 Nc5 13. dxe6 Bxe6 $132 {and black has a very comfortable
position.}) 12... g4 13. Ng1 c5 {Black's counterplay can be connected only
with that breakthrough, as Bg7 is the main attacking piece.} ({But before
black could open the ''b'' file for his rooks:} 13... b5 $5 14. Nxb5 (14. cxb5
a6 $132) 14... a6 15. Nc3 Nxg3 16. fxg3 c5 17. Nge2 {It looks like black has
no sufficient compensation for a pawn, but maybe that was a good practical
decision, as white should play very accurately.}) 14. Nge2 Nxg3 15. fxg3 {
White's pawn structure is a bit compromised, but that is not a very important
fact at this moment, as it's too far away from the endgame! White's plan now
is opening the files in the centre by e3-e4: in that case white's development
advantage will be very significant.} Nb8 $1 {Black finds the only reasonable
plan - the knight will be placed very well on c6, especially in view of the
possible e3-e4.} (15... Nf6 $6 16. dxc5 dxc5 17. e4 $36) (15... Rd8 16. Rhf1 $1
Nf8 $140 17. d5 $16) 16. Nf4 {[%cal Gf4g6]} ({Deserved attention:} 16. dxc5
dxc5 17. e4 $1 (17. Nf4 $143 Qc7 $1 18. e4 Nc6 19. exf5 exf5 20. Rhe1 Qa5 $132)
17... Nc6 18. exf5 exf5 19. Nf4 Nb4 20. Qd2 $14 {with some advantage of white,
as black has difficulties with development of Bc8.}) 16... cxd4 {It's
important to free the long diagonal for Bg7.} 17. exd4 Bxd4 $2 {A wrong
redaction of the sacrifice! The time is very important in such a dynamic
positions, so black had to take care about his development and not to make a
move with a developed piece.} ({Black had no time for profilactic:} 17... Rf7
$6 18. Rhe1 Nc6 19. Nxe6 $1 Bxe6 20. d5 Ne5 21. dxe6 Qxe6 22. Kb1 $14) ({
But correct was:} 17... Nc6 $142 18. Ng6 Qf6 19. Nxf8 Nxd4 20. Qd2 Qxf8 $44 {
with a full compensation for some deficit of material.}) 18. Ng6 Qg7 19. Nxf8
Kxf8 (19... Qxf8 20. Nb5 Be3+ 21. Kb1 Na6 22. Be2 $18 {[%csl Rd6]}) 20. Nb5 $1
{Now white has an obvious development advantage.} Bc5 $2 {That allows white to
decide the game by ellegant combination.} ({The same goes on:} 20... Be5 $2 21.
Bxf5 exf5 22. Nxd6 Nc6 23. Nxc8 Qg6 24. Rhf1 Rxc8 25. Rxf5+ Ke7 26. Qd3 Qe6 27.
Qa3+ $18) ({But black could defend more resistantly:} 20... Nc6 21. Nxd6 (21.
Nxd4 $6 Nxd4 22. Qd2 e5 {[%cal Gc8e6] is not clear at all.}) 21... Qe5 22. Nxc8
Rxc8 23. Rhe1 Qf6 24. Kb1 $18 {and white's position is winning,but there is
still a lot of play.}) 21. Bxf5 $1 exf5 22. Nxd6 Bxd6 (22... Nc6 23. Nxc8 Qf6 (
23... Qg6 24. Rhf1 $18 {-see comments to the previous notes(20...Be5).}) 24.
Rhf1 $18) (22... Qc7 23. Nxf5 $18 {[%cal Gh1f1]}) 23. Rxd6 $18 {Black's
monarch cannot still alive, as his pieces have not time to help him.} Nc6 24.
Qd2 Kg8 (24... Ne7 25. Re1 Kf7 26. Qe3 Qf8 27. Rxh6 $18) 25. Re1 Ne7 26. Qe3
1-0

[Event "Reykjavik op"]
[Site "Reykjavik"]
[Date "2015.03.16"]
[Round "8"]
[White "Jussupow, Artur"]
[Black "Gunnarsson, Jon Viktor"]
[Result "1-0"]
[WhiteElo "2573"]
[BlackElo "2443"]
[Annotator "Sagar Shah"]
[PlyCount "49"]
[EventDate "2015.03.10"]
[EventType "swiss"]
[EventRounds "10"]
[EventCountry "ISL"]
[SourceTitle "CBM 165 Extra"]
[Source "ChessBase"]
[SourceDate "2015.04.21"]
[SourceVersion "1"]
[SourceVersionDate "2015.04.21"]
[SourceQuality "1"]

{Artur Jussupow continues to impress in this event. This is already his third
game that I am annotating for the ChessBase reports. Today he teaches us an
invaluable lesson in development. But his opponent Gunnarsson was no push over.
He fought very well and till a certain point the game was evenly balanced.
This makes the game even more instructive.} 1. d4 e6 2. Nf3 Nf6 3. Bg5 {
The Torre Attack is not such a dangerous opening weapon against solid players
but as we already know solid is a word that we cannot associate with Jon
Viktor Gunnarsson.} c5 4. e3 Qb6 {The most ambitious way to play, attacking
the b2 pawn and showing White what exactly was his drawback of developing the
bishop to g5.} 5. Nbd2 $1 {I think Yusupov wouldn't have even for a moment
thought about defending his pawn with Qc1 which is the main move in the
position.} Qxb2 6. Rb1 (6. Bd3 {is much more common.}) 6... Qc3 (6... Qxa2 {
would be extremely greedy but then two pawns a quite a bit of investment.
White has to find ways to justify his losses.} 7. Bc4 Qa5 8. O-O {Well, I
cannot really prove that White is better but one look at the position is
enough to convince you that he has compensation. He has all his pieces in the
game while Black will take at least five to six moves to do that. So according
to the Russian logic of a pawn is worth three tempi, White has excellent
compensation!}) 7. Bd3 $1 $146 {Continue developing!} cxd4 8. O-O $1 {Not
getting distracted. Development= priority.} dxe3 9. Nc4 $1 {The queen's
retreat squares have been taken away from her. Has Black eaten more than he
could digest?} d5 $1 {Not really! Gunnarsson is not a player who can be just
tricked in such complex positions. He knows that his queen is trapped but in
return he is going to win truckloads of material!} 10. Rb3 exf2+ 11. Kh1 (11.
Rxf2 {was equally good as after} Qxb3 12. axb3 dxc4 13. Bxc4 Bc5 {is not such
a great move because of} 14. Bxf6 $1 Bxf2+ 15. Kxf2 gxf6 16. Qd4 $36) 11...
Qxb3 12. cxb3 dxc4 13. Bxc4 $14 {Black has a rook and a piece and three pawns
for a queen. That's quite a lot of material but the basic problem of
development still persists.} Be7 14. Bxf6 $6 {This looks a little dubious to
me.} (14. Ne5 O-O 15. Qf3 $14 {could have been the better way to continue.})
14... Bxf6 15. Qd6 {Artur prevents castling.} Nc6 16. Rxf2 Be7 17. Qc7 Bd8 $6 {
The queen has to be dislodged from c7 in order to finish development.} (17...
O-O 18. Rd2 {And Black will have to play Bd8 when it will transpose to the
game.}) 18. Qf4 O-O 19. Rd2 $1 {Preventing the developing Bd7.} a6 20. h4 {
Jussupow decides to go on the offensive. He knows that Black is on the verge
of consolidation and the only way for him to gain something here is to rush
his g and h pawns down the board.} h6 (20... b5 {looked pretty logical.} 21.
Bd3 Bb7 $13 {Black has atleast been able to finish his development.}) 21. Qe4 {
Things are already difficult for Black as he cannot finish his development.}
Bc7 22. g4 Kh8 (22... Rd8 23. Rxd8+ Bxd8 24. Bd3 $40 {I think this is
extremely scary and difficult for Black to defend with his rook on a8 being
miles away from coming into the game.}) (22... Ne7 {might have been more
tenacious.}) 23. g5 $1 {Thanks to his superior development and excellent use
of g and h pawns, White has created an almost winning attack.} h5 24. g6 f6 25.
Qe2 {The threat of Ng5 or Ne5 cannot be parried. A highly instructive game and
one from which a lot could be learnt. A final look at the position will show
that even though it seemed as if Black had consolidated his position, he was
unable to develop his bishop on c8 and rook on a8 which was the main reason
why he lost the game.} 1-0

[Event "Amsterdam Batavia Grolsch 8th"]
[Site "Amsterdam"]
[Date "2016.02.23"]
[Round "5"]
[White "Schandorff, Lars"]
[Black "Willemze, Thomas"]
[Result "1-0"]
[WhiteElo "2500"]
[BlackElo "2418"]
[Annotator "Schulz,Andre"]
[PlyCount "53"]
[EventDate "2016.02.19"]
[EventType "tourn"]
[EventRounds "9"]
[EventCountry "NED"]
[EventCategory "8"]
[SourceTitle "CBM 171 Extra"]
[Source "ChessBase"]
[SourceDate "2016.04.26"]
[SourceVersion "1"]
[SourceVersionDate "2016.04.26"]
[SourceQuality "1"]
[WhiteClock "0:18:20"]
[BlackClock "0:07:10"]

1. d4 Nf6 2. Nf3 e6 3. g3 b5 {Schwarz möchte aus dem Umstand Kapital schlagen,
dass Weiß den Aufzug des c-Bauern zurück gestellt hat.} 4. Bg2 Bb7 5. O-O Be7
6. Bg5 a6 ({Weiß hat gute Erfolge nach} 6... O-O 7. Qd3 a6) 7. c3 d6 8. Bxf6
Bxf6 9. a4 Nd7 10. Na3 Rb8 11. axb5 axb5 12. Qd3 ({Natürlich nicht etwa} 12.
Nxb5 $2 Bxf3) 12... b4 (12... c6 $5 $11) 13. Nc2 bxc3 14. bxc3 O-O 15. Nd2 Bxg2
16. Kxg2 c5 17. Ra7 Qb6 18. Rfa1 Qc6+ $6 {Spielbar, aber die Position der
schwarzen Dame und des Königs mit einem Gabelfeld auf e7 lädt Weiß zum
Nachdenken ein.} (18... Rb7 $11) 19. Nf3 Rfc8 20. Ne3 {Wie kommt ein Springer
nach e7? Zum Beispiel über d5 oder f5...} cxd4 21. cxd4 Nb6 22. R1a6 {Die
weißen Figuren sind aktiver, aber die schwarze Stellung ist fest. Schwarz
spielt nun aber zu sorglos.} g6 $2 {Nun ist auch der Lf6 ohne Deckung.} (22...
Qc1 23. g4 $5) (22... h5 $5) 23. h4 (23. d5 $1 exd5 24. Nf5 {und falls} gxf5 {
so} 25. Qxf5 {mit der Idee} Kg7 26. Ng5 $18) 23... Ra8 $2 {[#]} (23... Bg7 $11)
24. d5 {Nun aber...} exd5 25. Nxd5 Bd8 (25... Qxd5 26. Qxd5 Nxd5 27. Rxa8 {
mit Qualitätsgewinn.}) 26. Rxa8 Rxa8 27. Rxb6 (27. Rxb6 Bxb6 28. Ne7+ $18 {
Da sist die Gabel.}) 1-0

[Event "Baden-Baden"]
[Site "Baden-Baden"]
[Date "1992.12.13"]
[Round "8"]
[White "Jussupow, Artur"]
[Black "Huebner, Robert"]
[Result "1/2-1/2"]
[WhiteElo "2640"]
[BlackElo "2630"]
[Annotator "Schussler,H"]
[PlyCount "29"]
[EventDate "1992.12.??"]
[EventType "tourn"]
[EventRounds "11"]
[EventCountry "GER"]
[EventCategory "14"]
[SourceTitle "CBM 033"]
[Source "ChessBase"]
[SourceDate "1993.04.01"]
[SourceVersion "1"]
[SourceVersionDate "1993.04.01"]
[SourceQuality "1"]

1. d4 Nf6 2. Nf3 e6 3. Bg5 c5 (3... h6 4. Bh4 c5 5. e3 Nc6 $5 6. c3 cxd4 7.
exd4 Be7 8. Nbd2 O-O 9. Bd3 b6 {Zaitseva,LG-Kholmov,R, Moscow 1992, CBM 33
game 653.}) 4. e3 Be7 (4... b6 $6 5. d5 exd5 6. Nc3 Bb7 7. Nxd5 Bxd5 8. Bxf6
Qxf6 9. Qxd5 Qxb2 $2 10. Rd1 Qb4+ 11. c3 Qxc3+ 12. Rd2 $18) 5. dxc5 Na6 {
5. - Qa5} 6. Bxa6 Qa5+ 7. Nbd2 bxa6 $10 8. c6 d6 9. c4 Qc7 10. Qa4 Rb8 11. c5
dxc5 12. Bf4 Bd6 13. Bxd6 Qxd6 14. Nc4 Qc7 15. Nfe5 1/2-1/2

[Event "Malmo"]
[Site "Malmo"]
[Date "1993.??.??"]
[Round "1"]
[White "Romanishin, Oleg M"]
[Black "Helgason, Reynir"]
[Result "1-0"]
[WhiteElo "2590"]
[BlackElo "2340"]
[Annotator "Schussler,H"]
[PlyCount "79"]
[EventDate "1993.06.??"]
[EventType "tourn"]
[EventRounds "9"]
[EventCountry "SWE"]
[EventCategory "11"]
[SourceTitle "CBM 036"]
[Source "ChessBase"]
[SourceDate "1993.10.01"]
[SourceVersion "1"]
[SourceVersionDate "1993.10.01"]
[SourceQuality "1"]

1. d4 Nf6 2. Nf3 e6 3. g3 c5 4. Bg2 Qa5+ 5. Nbd2 cxd4 6. O-O d5 7. Nb3 Qb6 8.
Nbxd4 Nc6 9. a4 $5 Nxd4 10. Nxd4 e5 $6 11. Nb3 Be6 12. Bg5 Rd8 13. Bxf6 gxf6
14. e3 $14 h5 15. h4 f5 16. Kh2 $2 {16.a5} Bg7 17. a5 Qc7 18. c3 f4 19. exf4
exf4 20. Nd4 Be5 $1 21. Kg1 fxg3 22. fxg3 Bxg3 23. Qd3 Rh6 $1 24. Rf3 Bxh4 25.
Raf1 Be7 26. b4 a6 27. Kh1 h4 28. Bh3 Qc4 29. Bxe6 fxe6 30. Qe3 Rg6 31. Nxe6
Rg3 32. Qe5 Rd6 $2 (32... Rh3+ $1 33. Rxh3 (33. Kg2 Qg4+ 34. Kf2 Qxf3+ $19)
33... Qxf1+ 34. Kh2 Bd6 $19) 33. Rf8+ Kd7 (33... Bxf8 $2 34. Ng7+ $1 Kd7 35.
Qe8+ Kc7 36. Rf7+ $18) 34. Nc5+ Kc6 35. Qxe7 $2 {35.R8f4} Rh3+ $1 36. Kg2 Qg4+
$2 (36... Rg6+ $1 37. Kxh3 (37. Kf2 Rh2+ 38. Ke1 Qxc3+ 39. Kd1 Qd2#) 37... Qg4+
38. Kh2 Qg2#) 37. Kf2 Rh2+ 38. Ke1 $18 Qg3+ 39. Kd1 Qxc3 40. Qxb7# 1-0

[Event "Munich"]
[Site "Munich"]
[Date "1990.??.??"]
[Round "?"]
[White "Jussupow, Artur"]
[Black "Bischoff, Klaus"]
[Result "1-0"]
[WhiteElo "2615"]
[BlackElo "2505"]
[Annotator "Schussler,H"]
[PlyCount "65"]
[EventDate "1990.04.??"]
[EventType "tourn"]
[EventRounds "11"]
[EventCountry "GER"]
[EventCategory "13"]
[SourceTitle "CBM 018"]
[Source "ChessBase"]
[SourceDate "1990.10.01"]
[SourceVersion "1"]
[SourceVersionDate "1990.10.01"]
[SourceQuality "1"]

1. d4 Nf6 2. Nf3 e6 3. Bg5 h6 4. Bxf6 Qxf6 5. e4 d6 6. Nc3 Nd7 7. Qd2 a6 8.
O-O-O Qe7 9. Bd3 g6 10. Rhe1 Bg7 11. h4 O-O 12. e5 d5 13. Ne2 c5 14. c3 cxd4
15. Nexd4 Nc5 16. Bb1 Bd7 17. h5 g5 18. Re3 Rfc8 19. Nh2 b5 20. Qc2 g4 21. Nxg4
Qg5 22. Nf6+ Bxf6 23. Nf3 Qg7 24. exf6 Qxf6 25. Ne5 Kf8 26. Nxf7 $5 (26. b4 {
looks pretty good too.}) 26... Ke7 27. Ne5 Kd6 28. Qd2 b4 29. Nc4+ Kc7 30. cxb4
Na4 31. Bc2 Kd8 32. Ne5 Nb6 33. Qd4 (33. Qd4 {White wins after} Kc7 34. Qxb6+
$1 Kxb6 35. Nxd7+ $18) 1-0

[Event "Rakvere Keres Memorial"]
[Site "Rakvere"]
[Date "1993.??.??"]
[Round "6"]
[White "Hodgson, Julian M"]
[Black "Khalifman, Alexander"]
[Result "1/2-1/2"]
[WhiteElo "2625"]
[BlackElo "2645"]
[Annotator "Schussler,H"]
[PlyCount "33"]
[EventDate "1993.09.??"]
[EventType "tourn"]
[EventRounds "10"]
[EventCountry "EST"]
[EventCategory "15"]
[SourceTitle "CBM 038"]
[Source "ChessBase"]
[SourceDate "1994.02.01"]
[SourceVersion "1"]
[SourceVersionDate "1994.02.01"]
[SourceQuality "1"]

1. d4 Nf6 2. Bg5 e6 3. e4 h6 4. Bxf6 Qxf6 5. Nf3 d6 6. Nc3 g6 7. Qd2 Bg7 8. h4
(8. O-O-O Nc6 (8... Qe7 9. h4 a6 $1 {Transposes to game}) 9. Bb5 O-O 10. Bxc6
bxc6 11. e5 Qf5 12. Rhe1 $14 {Piket,Je-Nijboer, Wijk aan Zee 1990}) 8... a6 9.
O-O-O Qe7 10. e5 (10. g3 b5 11. Bh3 b4 12. Nd5 exd5 13. Bxc8 O-O 14. Bb7 Ra7
15. Bxd5 c6 16. Bb3 Qxe4 17. Qd3 Qxd3 18. Rxd3 Nd7 $10 {Korchnoi,V-Karpov,A,
Candidates, Moscow 1974}) (10. Kb1 b5 11. e5 Bb7 12. Qf4 Nd7 $10 {Tseitlin,
M-Lukin, Leningrad 1983}) 10... Bd7 $1 11. Ne4 Bc6 12. Qf4 Bxe4 13. Qxe4 c6 $1
14. exd6 (14. Qf4 $13) 14... Qxd6 $10 15. Ne5 Nd7 16. f4 Qd5 17. Qxd5 1/2-1/2

[Event "Taastrup"]
[Site "Taastrup"]
[Date "1992.??.??"]
[Round "?"]
[White "Van Wely, Loek"]
[Black "Hansen, Curt"]
[Result "0-1"]
[WhiteElo "2560"]
[BlackElo "2620"]
[Annotator "Schussler,H"]
[PlyCount "88"]
[EventDate "1992.02.??"]
[EventType "tourn"]
[EventRounds "9"]
[EventCountry "DEN"]
[EventCategory "13"]
[SourceTitle "CBM 028"]
[Source "ChessBase"]
[SourceDate "1992.06.01"]
[SourceVersion "1"]
[SourceVersionDate "1992.06.01"]
[SourceQuality "1"]

1. d4 Nf6 2. Nf3 e6 3. g3 b5 $5 4. Bg2 (4. Qd3 $5 Ba6 $5 (4... a6 $6 5. e4 {
Ehlvest,J-Huebner,R/EUCup (Bayern-Lyon)/1991/}) 5. a3 c5 6. dxc5 Bxc5 7. b4 $13
{Nikolic,Pr-Sax,G/Wijk/1992/1/2-1/2/15/}) 4... Bb7 5. O-O c5 6. c3 h6 $6 {
Verhindert 7.Bg5} 7. Qd3 a6 8. Nbd2 cxd4 9. cxd4 Be7 10. e4 d6 11. Re1 Nc6 12.
a3 O-O 13. b3 $6 {/\ Bc1-b2. Falls Schwarz d6-d5 spielt, steht der Bb2 aber
schlecht.} (13. Nb1 {/\ Nb1-c3}) 13... b4 $1 14. a4 a5 15. h3 Nb8 $1 16. Bb2
Nbd7 17. Rac1 d5 $1 18. e5 Ne4 $15 19. Nh2 (19. Nxe4 $5 dxe4 20. Rxe4 Bxe4 21.
Qxe4 Nb6 22. Nd2 {/ =/+}) 19... f5 20. exf6 Ndxf6 21. Ndf3 Bd6 22. Qe3 Rc8 23.
Ne5 Nd7 24. Nd3 $6 (24. f4 $5) 24... Qe7 25. Nf3 Ba6 $1 26. Nfe5 Rxc1 27. Rxc1
Bxe5 $1 28. Nxe5 Nxe5 29. Bxe4 dxe4 30. dxe5 Bb7 $19 {Die ungleichen Läufer
sind sehr ungleich. Weiss steht wegen der Schwäche auf den weissen Feldern auf
Verlust.} 31. Qb6 Bd5 32. Bd4 e3 $1 33. Bxe3 Qf7 34. Kh2 Qf3 35. Rg1 Rc8 36.
Qxa5 Rc2 37. Qb6 Rb2 38. a5 Kh7 $1 (38... Rb1 $6 39. Qd8+ Kh7 40. Qxd5 $1) 39.
Qd4 Rxb3 40. a6 Be4 41. a7 Rd3 42. Qc5 Rd1 43. a8=Q Qh1+ $1 44. Rxh1 Rxh1# 0-1

[Event "Jurmala"]
[Site "Jurmala"]
[Date "1991.??.??"]
[Round "?"]
[White "Maljutin, Evgeni"]
[Black "Shchekachev, Andrei"]
[Result "1-0"]
[WhiteElo "2385"]
[BlackElo "2355"]
[Annotator "Schussler,H"]
[PlyCount "49"]
[EventDate "1991.??.??"]
[EventType "tourn"]
[EventRounds "11"]
[EventCountry "URS"]
[EventCategory "4"]
[SourceTitle "CBM 024"]
[Source "ChessBase"]
[SourceDate "1991.10.01"]
[SourceVersion "1"]
[SourceVersionDate "1991.10.01"]
[SourceQuality "1"]

1. d4 Nf6 2. Bg5 e6 3. e4 h6 4. Bxf6 Qxf6 5. Nf3 d6 6. Nc3 Nd7 7. Qd2 a6 {
7. - Qd8 planning g6 is an idea. Now White has time to attack.} 8. O-O-O g6 9.
e5 $1 dxe5 10. dxe5 Qe7 11. Ne4 Bg7 12. Qc3 $1 $16 f5 13. exf6 Nxf6 14. Nxf6+
Bxf6 15. Ne5 g5 16. g3 O-O 17. f4 c5 {Black cannot develop himself.} 18. h4 $18
gxf4 19. gxf4 Bg7 20. Rg1 Qf6 21. Rxg7+ Qxg7 22. Qe3 Qf6 23. Bd3 Rd8 24. Rg1+
Kf8 25. Qxc5+ 1-0

[Event "London WFW"]
[Site "London"]
[Date "1991.??.??"]
[Round "?"]
[White "Conquest, Stuart"]
[Black "Arkell, Keith C"]
[Result "1-0"]
[WhiteElo "2460"]
[BlackElo "2450"]
[Annotator "Schussler,H"]
[PlyCount "121"]
[EventDate "1991.05.??"]
[EventType "tourn"]
[EventRounds "13"]
[EventCountry "ENG"]
[EventCategory "11"]
[SourceTitle "CBM 024"]
[Source "ChessBase"]
[SourceDate "1991.10.01"]
[SourceVersion "1"]
[SourceVersionDate "1991.10.01"]
[SourceQuality "1"]

1. d4 Nf6 2. Nf3 e6 3. g3 b5 4. Bg2 Bb7 5. Qd3 a6 6. Bg5 {If White delays this
with 6.0-0 Black can consider 6. - h6! which prevents the pin, thus
strengthening his control over d5 and e4.} c5 7. O-O cxd4 8. Nbd2 Be7 9. Nxd4
Bxg2 10. Kxg2 Qb6 11. Ne4 Nxe4 12. Bxe7 Qb7 13. f3 Nxg3 {Risky!} 14. hxg3 Kxe7
15. Rh1 h6 16. Qe3 Qd5 17. Rad1 Rc8 18. g4 Qc5 19. Rh5 Qa7 20. Rd5 Kf8 21. Qa3+
Kg8 22. Rh5 Nc6 23. Nxc6 Rxc6 24. Qd3 Rc5 25. Rhh1 Rac8 26. c3 Rd5 27. Qe4 Rc4
28. Qc2 Rg5 29. Rd3 Qb7 30. Kh2 Qc7+ 31. Kg2 b4 32. Qd2 bxc3 33. bxc3 d5 34.
Rb1 f5 35. Qe3 Qd6 36. Rb6 Rc6 37. Rb7 fxg4 38. f4 Rf5 39. Qa7 Qf8 40. Rxg7+
Qxg7 41. Qa8+ Kh7 42. Qxc6 Rxf4 43. Qxe6 Qf8 44. Rd4 Rf2+ 45. Kg3 Rf1 46. Qe3
Qc5 47. Kg2 Rf7 48. Qd3+ Kh8 49. Qxa6 Qf8 50. Qd3 h5 51. Qe3 Re7 52. Qf2 Qe8
53. Rd2 Re3 54. Rb2 Re6 55. Qd4+ Re5 56. e3 Kg8 57. Rb7 Qf8 58. Qxe5 Qf3+ 59.
Kg1 Qd1+ 60. Kf2 Qd2+ 61. Kg3 1-0